JR西日本 乗降客数TOP200 - Statistics

General Stats
  • This quiz has been taken 268 times
  • The average score is 129 of 200
Answer Stats
Hint Answer % Correct
1位 大阪
99%
2位 京都
99%
3位 天王寺
97%
8位 新大阪
97%
12位 神戸
97%
4位 三ノ宮
96%
13位 姫路
96%
15位 尼崎
96%
7位 広島
94%
9位 岡山
94%
14位 明石
93%
10位 新今宮
92%
11位 高槻
92%
24位 西明石
92%
25位 草津
92%
66位 大津
92%
73位 奈良
92%
5位 京橋
91%
6位 鶴橋
91%
76位 和歌山
91%
199位 米原
91%
61位 倉敷
89%
16位 茨木
88%
28位 福島
88%
54位 西宮
88%
94位 大阪城公園
88%
23位 西九条
87%
42位 吹田
86%
20位 山科
85%
56位 福山
85%
133位 下関
85%
39位 森ノ宮
84%
116位 彦根
84%
143位 関西空港
84%
40位 加古川
83%
29位 南草津
82%
101位 野田
82%
19位 弁天町
81%
31位 芦屋
81%
32位 宝塚
81%
165位 新山口
81%
51位 JR難波
81%
34位 大正
80%
33位 天満
78%
41位 王寺
78%
59位 長岡京
78%
75位 近江八幡
78%
98位 堺市
78%
108位 須磨
78%
17位 北新地
77%
47位 博多
77%
78位 桜ノ宮
77%
21位 ユニバーサルシティ
76%
53位 塚本
76%
83位 野洲
76%
103位 小倉
76%
149位 宇治
76%
194位 木津
76%
68位 放出
75%
71位
75%
146位 日根野
75%
168位 新倉敷
75%
60位 甲子園口
74%
88位 二条
74%
170位 徳山
74%
36位 伊丹
73%
45位 兵庫
73%
46位 金沢
73%
79位 三田
73%
100位 塚口
73%
154位 島本
73%
22位 元町
72%
69位 寺田町
72%
95位 膳所
72%
191位 三原
72%
44位 石山
71%
63位 久宝寺
71%
65位 守山
71%
77位 西大路
71%
82位 桜島
71%
117位 福井
71%
122位
71%
193位 山崎
71%
55位 摂津富田
70%
67位 桃谷
70%
99位 新三田
70%
148位 向日町
70%
158位 東淀川
70%
18位 住吉
69%
30位 六甲道
69%
81位 桂川
69%
92位 八尾
69%
197位 尾道
69%
198位 岩国
69%
120位 JR総持寺
69%
35位 三国ヶ丘
68%
179位 芦原橋
68%
57位
67%
74位 玉造
67%
26位 垂水
66%
123位 大津京
66%
137位 亀岡
66%
43位 新長田
65%
50位 千里丘
65%
132位 新神戸
65%
155位 嵯峨嵐山
65%
38位 立花
64%
72位 舞子
64%
102位 鴫野
64%
121位 栗東
64%
163位 富山
64%
49位 岸辺
63%
87位 安治川口
63%
37位 大阪天満宮
62%
70位 和泉府中
62%
139位 さくら夙川
62%
166位 松井山手
62%
62位 瀬田
61%
161位 網干
61%
167位 法隆寺
61%
174位 須磨海浜公園
61%
48位 摂津本山
60%
58位 川西池田
60%
80位 横川
60%
64位 四条畷
59%
106位 東岸和田
59%
130位 東福寺
59%
151位 堅田
59%
196位 郡山
59%
52位 大久保
58%
84位 柏原
58%
118位 海田市
58%
171位 摩耶
58%
173位 能登川
58%
91位 東加古川
57%
104位 甲南山手
57%
85位 御幣島
56%
126位 加島
56%
175位 京田辺
56%
27位 住道
55%
145位 西宮名塩
55%
147位 東部市場前
54%
114位 JR淡路
54%
89位 朝霧
52%
96位 新白島
52%
97位 海老江
52%
150位 円町
52%
156位 稲荷
52%
125位 新福島
51%
129位 西条
51%
200位 長居
51%
112位 平野
50%
127位 中山寺
50%
128位 天神川
50%
182位 塩屋
50%
93位 五日市
49%
107位 長尾
49%
172位 丹波口
49%
186位 比叡山坂本
49%
187位 南彦根
49%
90位 鴻池新田
48%
111位 熊取
48%
135位 西広島
48%
190位 北伊丹
48%
185位 おごと温泉
47%
105位 魚住
46%
153位 加美
46%
157位 六地蔵
46%
86位 土山
45%
124位 向洋
45%
131位 猪名寺
45%
142位 鷹取
45%
159位 大和小泉
45%
164位 高井田中央
45%
195位 美章園
45%
181位 JR野江
45%
134位 杉本町
44%
136位 宝殿
43%
119位 JR河内永和
41%
109位 河内磐船
40%
113位 徳庵
40%
144位 博多南
40%
176位 城北公園通
40%
178位 JR俊徳道
40%
115位 志紀
37%
141位 星田
37%
180位 我孫子町
35%
110位 野崎
33%
183位 津田
29%
192位 東羽衣
29%
184位 はりま勝原
28%
160位 新井口
27%
188位 北信太
26%
140位 上野芝
25%
152位 津久野
25%
177位 久米田
23%
162位 中庄
22%
169位 矢野
22%
138位 忍ヶ丘
20%
189位 下祇園
7%
No matching quizzes found
Score Distribution
Percent of People with Each Score
Percentile by Number Answered
Your Score History
You have not taken this quiz